| 000 | 00477nam a2200181Ia 4500 | ||
|---|---|---|---|
| 003 | STCL | ||
| 008 | 181203s9999 xx 000 0 und d | ||
| 020 | _a9780070587182 | ||
| 040 |
_aSTCL _bEN _cSTCL |
||
| 082 | _222 | ||
| 100 | _aBalakrishnan, V.K. | ||
| 245 | 0 | _aTheory and Problems of Graph Theory | |
| 246 | _aSchaum's Outline of Theory and Problems of Graph Theory | ||
| 260 |
_bMcGraw Hill _aNew Delhi _c2015 |
||
| 300 | _a293 | ||
| 546 | _aEnglish | ||
| 942 |
_2ddc _cBK |
||
| 999 |
_c85710 _d85710 |
||